Szczegóły MARC21

Bezpieczeństwo społeczne Polaków wobec wyzwań XXI wieku /

003 -Nazwa inst., której nr kontr. jest w polu 001 [,]
    • @
    • Nazwa instytucji, której n kontrolny jest w polu 001
    • NUKAT
005 -DATA I CZAS OSTATNIEJ MODYFIKACJI [,]
    • @
    • pole kontrolne
    • 20241231104523.0
020 -Międzynarod. znormalizowany nr książki - ISBN [ , ]
    • a
    • Numer ISBN
    • 9788376415284 Find
040 -Instytucja sporządzająca opis [ , ]
    • a
    • Instytucja, która sporządziła opis (NP)
    • OLSZT 003/WO
    • c
    • Instytucja, która sporządziła rekord (NP)
    • OLSZT 003/WOs
    • d
    • Instytucja, która zmodyfikowała rekord (P)
    • GD PAN/AKWs
    • d
    • Instytucja, która zmodyfikowała rekord (P)
    • SIEDL 001/AD
942 -Rodzaj dokumentu [ , ]
    • c
    • Rodzaj dokumentu
    • Książka
100 -Hasło główne - nazwa osobowa [1, ]
    • a
    • Nazwa osobowa (NP)
    • Leszczyński, Marek
    • c
    • Dopowiedzenie inne niż daty biograficzne (P)
    • (ekonomia).
    • 9
    • KHW
    • 40578
245 -Strefa tytułu i oznaczenia odpowiedzialności [1,0]
    • a
    • Tytuł
    • Bezpieczeństwo społeczne Polaków wobec wyzwań XXI wieku / Find
    • c
    • Pozostałe elementy strefy tytułu i oznaczenia odpowiedzialności (NP)
    • Marek Leszczyński.
260 -Strefa adresu wydawniczego [ , ]
    • a
    • Miejsce wydania (P)
    • Warszawa :
    • b
    • Nazwa wydawcy (P)
    • Difin,
    • c
    • Data wydania (P)
    • 2011.
300 -Strefa opisu fizycznego [ , ]
    • a
    • Określenie formy książki i/lub objętość (NP)
    • 166 s. ;
    • c
    • Format (NP)
    • 23 cm.
336 -Typ zawartości [ , ]
    • a
    • Termin opisujący typ zawartości
    • Tekst
    • b
    • Kod określający zawartość
    • txt
    • 2
    • Źródło (terminu i kodu)
    • rdacontent
337 -Typ mediów [ , ]
    • a
    • Tryb odtwarzania
    • Bez urządzenia pośredniczącego
    • b
    • Kod typu mediów
    • n
    • 2
    • Źródło (terminu i kodu)
    • rdamedia
338 -Typ/rodzaj nośnika [ , ]
    • a
    • Hasło opisujące typ nośnika
    • Wolumin
    • b
    • Kod typu nośnika
    • nc
    • 2
    • Źródło (terminu i kodu)
    • rdacarrier
490 -Strefa serii i książki wielotomowej - forma nie do wyszukiwania [1, ]
    • a
    • Tytuł (P)
    • Zarządzanie Bezpieczeństwem Find
830 -Hasło dodatkowe serii i opisu książki wielotomowej - tytuł ujednolicony/tytuł [ ,0]
    • a
    • Tytuł ujednolicony/tytuł (NP)
    • Zarządzanie Bezpieczeństwem
    • 9
    • KHW
    • 27440
504 -Uwaga dot. bibliogr. załącznikowej [ , ]
    • a
    • Uwaga dot. bibliografii załącznikowej
    • Bibliogr. s. 157-166.
080 -Uniwersalna Klasyfikacja Dziesiętna [ , ]
    • 2
    • Identyfikator wydania tablic
    • UDC-P058
    • 9
    • UKD
    • 2911
    • a
    • Symbol klasyfikacji
    • 327.56/.57
    • b
    • Dopowiedzenie
    • Łagodzenie napięć międzynarodowych. Rozwiązywanie konfliktów międzynarodowych. Współistnienie pokojowe. Bezpieczeństwo międzynarodowe.
    • 4
    • UKD2
    • 7642
    • x
    • Poddział wspólny
    • (438)
    • c
    • Dopowiedzenie poddz. wspólnego
    • (Polska).
    • 4
    • UKD2
    • 8220
    • x
    • Poddział wspólny
    • "20"
    • c
    • Dopowiedzenie poddz. wspólnego
    • Wiek XXI.
080 -Uniwersalna Klasyfikacja Dziesiętna [ , ]
    • 2
    • Identyfikator wydania tablic
    • UDC-P058
    • 9
    • UKD
    • 2710
    • a
    • Symbol klasyfikacji
    • 304
    • b
    • Dopowiedzenie
    • Ogólne zagadnienia społeczne. Polityka społeczna.
    • 4
    • UKD2
    • 7642
    • x
    • Poddział wspólny
    • (438)
    • c
    • Dopowiedzenie poddz. wspólnego
    • (Polska).
    • 4
    • UKD2
    • 7975
    • x
    • Poddział wspólny
    • (4-67)
    • c
    • Dopowiedzenie poddz. wspólnego
    • (Kraje Unii Europejskiej).
    • 4
    • UKD2
    • 8220
    • x
    • Poddział wspólny
    • "20"
    • c
    • Dopowiedzenie poddz. wspólnego
    • Wiek XXI.
080 -Uniwersalna Klasyfikacja Dziesiętna [ , ]
    • 2
    • Identyfikator wydania tablic
    • UDC-P058
    • 9
    • UKD
    • 2181
    • a
    • Symbol klasyfikacji
    • 005.44
    • b
    • Dopowiedzenie
    • Zarządzanie. Globalizacja. Zarządzanie międzynarodowe.
    • 4
    • UKD2
    • 8220
    • x
    • Poddział wspólny
    • "20"
    • c
    • Dopowiedzenie poddz. wspólnego
    • Wiek XXI.
610 -Hasło przedmiotowe w formie nazwy ciała zbiorowego [2,7]
    • a
    • Nazwa ciała zbiorowego lub nazwa geograficzna
    • Unia Europejska
    • x
    • Określnik ogólny
    • i polityka społeczna.
    • 2
    • Źródło terminu
    • kaba
    • 9
    • KHW
    • 358182
650 -Hasło przedmiotowe [ ,7]
    • a
    • Hasło przedmiotowe
    • Bezpieczeństwo narodowe
    • z
    • Określnik geograficzny
    • Polska
    • y
    • Określnik chronologiczny
    • 1990-.
    • 2
    • Źródło terminu
    • kaba
    • 9
    • KHW
    • 350300
651 -Hasło przedmiotowe w formie nazwy geograficznej [ ,7]
    • a
    • Nazwa geograficzna
    • Polska
    • x
    • Określnik rzeczowy
    • polityka społeczna
    • y
    • Określnik chronologiczny
    • 1989-.
    • 2
    • Źródło terminu
    • kaba
    • 9
    • KHW
    • 124820
980 -Symbol UKD [ , ]
    • a
    • UKD
    • 327.56/.57(438):304(438:4-67):005.44]"20"
710 -Hasło dodatkowe - nazwa ciała zbiorowego [2, ]
    • a
    • Nazwa ciała zbiorowego lub nazwa geograficzna jako pierwszy element (NP)
    • Difin.
    • 4
    • Kod relacji
    • pbl
    • 9
    • KHW
    • 52248
920 -ISBN [ , ]
    • a
    • ISBN
    • 978-83-7641-528-4 Find
Status udost. Numer inwentarzowy Sygnatura Lokalizacja Data inwentaryzacji
-2E.73624 BE2012-02-22
-3WM.13028 BG2012-03-09
-3WM.13029 BG2012-03-09
-3WM.13030 BG2012-03-09
1H.21546 BNS2012-03-09
-3GW.7967351/354GW2016-05-25
-3GW.7968351/354GW2016-05-25
-2T.13981T.13981T2013-12-10